Statistics for Top 500 Baby Boy Names in the USA - 1980's - Alphabetical

Click here to take the quiz!

General Stats

  • This quiz has been taken 10,515 times
  • The average score is 204 of 500

Answer Stats

Answer% Correct
276JJ
98%
184JJay
98%
488RR
95%
9JJohn
94%
166JJon
94%
7JJames
88%
5DDavid
87%
135AAndre
87%
155MMicheal
86%
1MMichael
86%
6DDaniel
86%
79AAlex
86%
176JJack
86%
15WWilliam
84%
40PPaul
84%
63PPeter
83%
139MMarc
83%
33MMark
83%
333CChris
83%
108JJorge
82%
37JJose
82%
72GGeorge
82%
360DDon
82%
8RRobert
82%
437BBen
81%
32AAaron
81%
25TThomas
81%
22AAdam
81%
153MMathew
80%
3MMatthew
80%
290HHarry
80%
48AAlexander
79%
34CCharles
78%
27RRichard
78%
13AAndrew
78%
466SSam
78%
91FFrank
78%
136KKristopher
77%
2CChristopher
77%
428OOliver
77%
57EEdward
77%
133HHenry
76%
67DDonald
76%
20AAnthony
76%
179JJoe
76%
51BBryan
75%
151JJonathon
75%
17JJonathan
75%
326JJohnathon
75%
131JJohnathan
75%
10JJoseph
75%
16BBrian
75%
328AAllan
74%
109AAlan
74%
31BBenjamin
74%
129AAllen
74%
24SSteven
74%
36SStephen
74%
390FFred
73%
23KKevin
73%
223SSteve
73%
52SSamuel
72%
11JJason
72%
354JJayson
72%
112LLuke
71%
89EErik
71%
21EEric
71%
253EErick
71%
116CCarl
70%
41NNathan
70%
19NNicholas
70%
304NNickolas
70%
234NNicolas
70%
232KKarl
70%
493JJackson
69%
70RRonald
69%
26TTimothy
69%
14RRyan
69%
35JJacob
69%
43ZZachary
69%
347ZZachery
69%
405FFelipe
68%
71PPhillip
68%
86PPhilip
68%
192BBrad
68%
38PPatrick
67%
430LLeo
67%
351CCharlie
66%
120LLucas
65%
4JJoshua
65%
28JJeremy
65%
147AAlbert
65%
309LLeon
64%
289BBranden
64%
234EEthan
64%
465GGreg
64%
12JJustin
64%
18BBrandon
64%
60LLuis
64%
178AArthur
63%
428JJeff
63%
56SShawn
62%
121SShaun
62%
495TTy
62%
140BBilly
62%
293MMarcos
62%
68MMarcus
62%
42SSean
62%
260FFrancis
62%
29KKyle
61%
144DDanny
61%
127MMartin
61%
88VVictor
61%
382FFredrick
61%
201FFrederick
61%
90CChristian
60%
225JJake
60%
274AAbraham
60%
85IIan
59%
54BBradley
59%
138JJimmy
59%
62JJordan
59%
47KKenneth
59%
161LLouis
59%
460JJimmie
59%
343EEli
59%
277RRay
59%
233LLeonard
59%
262AAndy
59%
80GGary
59%
154IIsaac
58%
193DDylan
58%
157JJamie
58%
46GGregory
58%
195JJaime
58%
53DDerek
58%
385DDillon
58%
169OOscar
58%
474MMike
58%
83DDerrick
58%
376DDerick
58%
98VVincent
58%
263XXavier
57%
237TTommy
57%
210GGeoffrey
57%
30JJeffrey
57%
100JJeffery
57%
159JJavier
57%
50TTyler
56%
134BBobby
56%
472JJohnnie
56%
118JJohnny
56%
92EEvan
56%
97DDennis
55%
457NNathanael
55%
81NNathaniel
55%
94LLarry
55%
213EEddie
54%
114JJerry
53%
441RRick
53%
205NNoah
53%
296AAlfred
52%
150LLawrence
52%
350LLewis
52%
158WWalter
52%
77RRaymond
52%
338CCollin
52%
165CColin
52%
385SSimon
51%
124CCameron
51%
383QQuinton
51%
422OOwen
51%
198JJulian
51%
335QQuentin
51%
123TTony
51%
292EElijah
51%
64CCarlos
49%
260MMax
49%
331DDamian
49%
284DDamien
49%
251HHarold
49%
270DDean
48%
215TTheodore
48%
435HHarrison
48%
106JJeremiah
48%
268JJoey
48%
66KKeith
47%
207IIvan
47%
39SScott
47%
468DDarrin
47%
446DDarin
47%
190BBrendan
47%
498BBrendon
47%
341MMason
47%
183DDarren
47%
107AAdrian
47%
87GGabriel
46%
59JJuan
46%
93JJesus
45%
152TTaylor
45%
177BBruce
45%
411JJarred
44%
392JJarrett
44%
424FFreddie
44%
69JJoel
44%
251JJarrod
44%
489JJerrod
44%
49JJesse
44%
226JJessie
44%
74AAntonio
44%
58JJared
44%
381AAbel
43%
163RRoger
43%
175GGerald
43%
188DDrew
43%
73CCory
43%
200LLogan
43%
450KKory
43%
125TTerry
42%
217NNeil
42%
149LLee
42%
65CCorey
42%
243BBarry
42%
457DDonnie
42%
363NNeal
42%
96AAustin
41%
489KKody
40%
61CCody
40%
228RRonnie
40%
162EEdwin
40%
143CCaleb
39%
164WWillie
39%
186WWayne
39%
189GGrant
39%
137RRicky
38%
373RRickey
38%
76DDouglas
38%
78BBrett
37%
343BBret
37%
395EElliott
37%
322KKenny
37%
389EElliot
37%
237KKurt
37%
55CChad
37%
82CCraig
37%
122MMitchell
37%
115TTrevor
37%
239TTerrence
36%
240DDevon
36%
130DDevin
36%
119BBlake
36%
270CCole
36%
206TTerrance
36%
369GGraham
36%
352TTerence
36%
187CCalvin
36%
278FFranklin
36%
75SShane
35%
145RRoberto
35%
102RRandy
35%
316DDaryl
35%
229DDarryl
35%
197DDarrell
35%
209DDominic
35%
402DDominick
35%
207EEdgar
35%
45DDustin
35%
248SStanley
35%
244MMarco
34%
343NNorman
34%
283WWarren
34%
99BBrent
34%
174RRoss
33%
308IIsaiah
33%
167AAlejandro
33%
179RRoy
33%
482TToby
33%
368GGordon
33%
338MMiles
33%
468FFrankie
32%
270RRalph
32%
463RRobin
32%
101WWesley
32%
95SSeth
32%
171CChase
32%
365AAshley
32%
342HHunter
32%
222EErnest
32%
323HHoward
32%
255AAlexis
31%
110AAngel
31%
349DDamon
31%
337GGavin
31%
117RRicardo
31%
468RRiley
31%
44TTravis
31%
242BBryce
31%
113RRussell
31%
173PPedro
31%
320SStuart
31%
194EEduardo
30%
287AAlvin
30%
377DDuane
30%
218MMarvin
30%
312MMorgan
30%
259DDwayne
30%
365MMaxwell
30%
111MMario
29%
273CClint
29%
213AAlberto
29%
310FFelix
29%
329NNoel
29%
220JJulio
29%
334TTrent
29%
148RRandall
29%
185MMaurice
29%
486WWilson
29%
324BBernard
28%
128TTroy
28%
430SStefan
28%
446JJean
28%
105MMiguel
28%
400SStephan
28%
294BBrady
28%
443GGene
28%
146LLance
28%
331PPablo
28%
394JJulius
28%
141GGarrett
27%
104CCurtis
27%
408KKurtis
27%
433RRoman
27%
446LLeslie
27%
201LLevi
27%
132MManuel
27%
160RRodney
27%
472LLoren
27%
460HHugo
27%
372EElias
26%
425JJosiah
26%
229GGlenn
26%
361GGlen
26%
374ZZachariah
26%
171RRafael
26%
269TTyson
26%
317AAngelo
25%
246PPreston
25%
477MMoises
25%
84CCasey
25%
437DDexter
25%
395RRoland
25%
231AAndres
25%
236DDale
25%
282MMarshall
25%
416CClay
25%
182RRuben
25%
499KKasey
25%
395SSaul
25%
212RReginald
24%
456CColton
24%
318EEmanuel
24%
170OOmar
24%
203EEmmanuel
24%
275TTristan
24%
103TTodd
23%
354LLandon
23%
453QQuincy
23%
306DDarius
23%
489LLionel
23%
126FFrancisco
23%
250KKelly
23%
419RRory
22%
264AAlfredo
22%
416PPerry
22%
241MMelvin
22%
357DDesmond
22%
400NNolan
22%
421HHerbert
22%
181SSpencer
22%
478LLester
22%
402MMalcolm
22%
211JJerome
22%
301IIsrael
21%
407DDiego
21%
388DDwight
21%
221RRamon
20%
196RRaul
20%
305WWade
20%
278CClarence
20%
226EEugene
20%
224MMicah
20%
280GGilbert
20%
167CClayton
20%
257BByron
20%
480SSidney
19%
216TTyrone
19%
288EEarl
19%
314DDane
19%
286CCedric
19%
190FFernando
19%
414DDonovan
19%
142HHector
19%
256NNelson
19%
156CClinton
19%
249CClifford
19%
303KKirk
19%
412CCarlton
18%
379CChance
18%
336DDallas
18%
291CColby
18%
422MMarlon
18%
266EEnrique
18%
363KKent
18%
495EEmilio
17%
284KKelvin
17%
459DDonte
17%
474GGuy
17%
462WWeston
17%
354VVernon
17%
298BBeau
17%
437DDante
17%
383RRudy
16%
489CCecil
16%
415FFabian
15%
416KKerry
15%
325BBrock
15%
326RRoderick
15%
402RRocky
15%
343LLeroy
15%
299JJamal
14%
452EEsteban
14%
419LLloyd
14%
338TTrenton
14%
392AAlfonso
14%
352TTanner
14%
219AArmando
14%
441JJamaal
14%
281AArturo
14%
254OOrlando
13%
430GGiovanni
13%
484MMilton
13%
246BBryant
13%
481BBlaine
13%
390DDana
12%
307EErnesto
12%
443PPierre
12%
315AAntoine
12%
358HHeath
12%
367IIsmael
12%
409KKendall
11%
453TTracy
11%
244CCesar
11%
482JJody
11%
204JJermaine
11%
463RRusty
11%
433DDusty
11%
468FFloyd
11%
199SSergio
11%
362LLonnie
11%
311LLorenzo
11%
321DDarnell
10%
497TTyrell
10%
294TTerrell
10%
258SShannon
10%
297RRene
10%
374KKendrick
10%
395BBradford
10%
329LLamar
9%
453AAriel
9%
450SSkyler
9%
264JJosue
9%
405BBrenton
9%
300SSalvador
9%
478SSalvatore
9%
484CChadwick
8%
267GGerardo
8%
412DDeandre
7%
319CClifton
7%
369GGuillermo
7%
409CCornelius
7%
425GGilberto
7%
313CCourtney
7%
359GGustavo
7%
377JJarvis
7%
369DDominique
7%
395RRolando
7%
387JJamar
6%
499EEdgardo
6%
493SSterling
6%
347RRodolfo
6%
302DDemetrius
6%
435AAntwan
5%
446RRamiro
5%
425EEfrain
5%
474LLamont
5%
437RRogelio
5%
466RRashad
4%
445WWilfredo
4%
487RReynaldo
4%
379MMarquis
4%

Score Distribution

Percentile by Number Answered

Percent of People with Each Score

Your Score History

You have not taken this quiz